000 00625nam a2200205Ia 4500
003 GCL
008 140319s9999 xx 000 0 ara d
020 _a4235979977
040 _aGCL /
_cGCL
082 0 4 _a923.2
_bج ك
100 1 _aجمال أسعد
245 1 0 _aكواليس الكنيسة والاحزاب والاخوان المسلمون /
_cجمال أسعد
250 _aالاولى
260 _aالقاهرة :
_bدار الخيال ،
_c2001
300 _a288 ص ؛
_c24 سم
650 0 4 _aتراجم ذاتية
650 0 4 _aالرجال - تراجم
650 0 4 _aجمال أسعد
942 _2ddc
_cBK
999 _c5106
_d5106